Sonata romantica (La)-E altri saggi sulla letteratura del pianoforte (Record n. 74563)
[ formato base ]
| 000 -LEADER | |
|---|---|
| fixed length control field | 01372nam a2200301Ia 4500 |
| 001 - CONTROL NUMBER | |
| control field | 35230 |
| 003 - CONTROL NUMBER IDENTIFIER | |
| control field | IT-RoPAU |
| 008 - FIXED-LENGTH DATA ELEMENTS--GENERAL INFORMATION | |
| fixed length control field | 130308s9999 xx 000 0 und d |
| 040 ## - CATALOGING SOURCE | |
| Original cataloging agency | IT-RoPAU |
| 040 ## - CATALOGING SOURCE | |
| Transcribing agency | IT-RoPAU |
| 041 ## - LANGUAGE CODE | |
| Language code of text/sound track or separate title | ITALIANO |
| 999 ## - SYSTEM CONTROL NUMBERS (KOHA) | |
| Koha Dewey Subclass [OBSOLETE] | SI |
| 100 ## - MAIN ENTRY--PERSONAL NAME | |
| Personal name | Rattalino Piero |
| 100 ## - MAIN ENTRY--PERSONAL NAME | |
| Miscellaneous information | Codice Aut. SPICS: 2189 |
| 245 ## - TITLE STATEMENT | |
| Title | Sonata romantica (La)-E altri saggi sulla letteratura del pianoforte |
| 245 ## - TITLE STATEMENT | |
| Remainder of title | Sonata romantica (La)-E Altri Saggi Sulla letteratura del Pianoforte |
| 250 ## - EDITION STATEMENT | |
| Edition statement | 1a ed. |
| 260 ## - PUBLICATION, DISTRIBUTION, ETC. (IMPRINT) | |
| Place of publication, distribution, etc. | MILANO |
| 260 ## - PUBLICATION, DISTRIBUTION, ETC. (IMPRINT) | |
| Name of publisher, distributor, etc. | Il Saggiatore |
| 260 ## - PUBLICATION, DISTRIBUTION, ETC. (IMPRINT) | |
| Date of publication, distribution, etc. | 1985 [1° Ed.:1985 - Ed.Ling.Originale:1985] |
| 300 ## - PHYSICAL DESCRIPTION | |
| Extent | "388 p. (prefazione: no ; testo: 388)" |
| 500 ## - GENERAL NOTE | |
| General note | Sonate di Mozart Realtà Mito e immagini della Sonata chiaro di Luna di Beethoven Mendelssohn e Il pianoforte Compositori polacchi Sonate Polacche di Chopin pianoforte romantico Opere Pianistiche di Wagner Operisti Italiani e pianoforte Musica Pianistica Italiana pianoforte di Musorgskij Granados Enrique Cugina Tilde Sull'Autenticità del concerto per pianoforte e Orchestra di Clementi Andreevic Roslavec Variazioni Op.27 di Webern Opera Pianistica di Dallapiccola e Petrassi Night Fantasies di Elliott Carter Cadenza in Mozart in Beethoven e Dopo |
| 650 ## - SUBJECT ADDED ENTRY--TOPICAL TERM | |
| Topical term or geographic name as entry element | SAGGI MUSICALI |
| 650 ## - SUBJECT ADDED ENTRY--TOPICAL TERM | |
| Relator term | Codice materia Spics: 7011 |
| 942 ## - ADDED ENTRY ELEMENTS (KOHA) | |
| Koha item type | LIBRO |
| 957 ## - | |
| -- | 1 |
| 999 ## - SYSTEM CONTROL NUMBERS (KOHA) | |
| -- | 1 |
| Withdrawn status | Lost status | Damaged status | Not for loan | Home library | Current library | Date acquired | Total Checkouts | Full call number | Date last seen | Price effective from | Koha item type | Public note |
|---|---|---|---|---|---|---|---|---|---|---|---|---|
| Buone Condizioni | Not For Loan | SPICS-MEDIATECA | SPICS-MEDIATECA | 08/03/2013 | 35230 | 08/03/2013 | 08/03/2013 | LIBRO | Progressivo inserimento: 51426 / N. Volumi: 1 Copie: 1 Copia Rara: SI / data import: 1 marzo 2013 - By Epidotti, Trombetti, Vaglietti. |